000 00809mam a2200229 i 4500
020 _a0871401185
082 0 0 _a150.195
_bFRE
_cml29-p64
100 1 _aFreud, Sigmund,
_937011
245 1 0 _aon metapsychology the theory of psychoanalysis.
_cSigmund Freud ; translated and edited by James Strachey.
260 _aNew York :
_bPenguins ,
_c1977, c1966.
300 _a493 p. ;
_c18 cm.
500 _a"A Liveright book."
500 _aIncludes indexes.
500 _aTranslation of Vorlesungen zur Einführung in die Psychoanalyse.
505 2 _aParapraxes -- Dreams -- General theory of the neuroses.
526 _a0
_b0
_c0
_d150_195000000000000_FRE
650 0 _aMCE
_9379
650 0 _aPsychoanalysis.
_911876
650 2 _aPsychoanalysis.
_911876
700 1 _aStrachey, James.
_937087
942 _2ddc
_cBK
999 _c542011
_d542011